000 00207 a2200097 4500
020 _a1886749221
041 _aeng
100 _aSheila sweeny
245 _aWacky basketball facts to bounce around
942 _cBK
999 _c30401
_d30399